| 000 | 00541cam2a220019300 4500 | ||
|---|---|---|---|
| 001 | tmp15765304 | ||
| 003 | UPRA | ||
| 005 | 20190819112046.0 | ||
| 008 | 951024s1991 xx eng u | ||
| 035 | _a(Sirsi) r43857 | ||
| 035 | _a(UPRA)tmp15765304 | ||
| 040 | _cUPRA | ||
| 245 | 0 | 0 | _aEvaluating acquisitions and collection management. |
| 260 | _c1991. | ||
| 949 |
_aZ687 _wlcc _i-54104 _mMAIN _tBOOK _lON-SHELF |
||
| 949 |
_aZ687 _wlcc _i-54105 _mMAIN _tBOOK _lON-SHELF |
||
| 949 |
_aZ687 _wlcc _i-54106 _mMAIN _tBOOK _lON-SHELF |
||
| 004 | 43857 | ||
| 999 |
_c106830 _d106829 |
||